| 000 | 00889nam a22002057a 4500 | ||
|---|---|---|---|
| 005 | 20120420112656.0 | ||
| 020 |
_c70.00 _a818582908x |
||
| 035 | _aA-703453 | ||
| 035 | _aA-703456 | ||
| 037 |
_b _adpl |
||
| 082 | _a363.74 | ||
| 100 |
_aओझा, डी.डी. _945466 |
||
| 245 | 1 |
_aध्वनी प्रदूषण / _cडी.डी.ओझा |
|
| 260 |
_aदिल्ली _bज्ञान गंगा _c 1994 |
||
| 270 |
_a _b _e _k |
||
| 300 |
_a91पृ. _c22सेमी (सजिल्द) |
||
| 942 |
_adpl _cHN _k _2ddc _h363.74 _mओझाडी |
||
| 999 |
_c65349 _d65349 |
||